[Event "CZE-chTJ 0102"]
[Site "Czech Republic"]
[Date "2002.??.??"]
[Round "1"]
[White "Volak, Michal"]
[Black "Rozmbersky, David"]
[Result "1/2-1/2"]
[WhiteElo "2175"]
[BlackElo "2182"]
[PlyCount "52"]
[EventDate "2001.??.??"]
[EventType "team"]
[EventRounds "11"]
[EventCountry "CZE"]
[SourceTitle "EXT 2003"]
[Source "ChessBase"]
[SourceDate "2002.11.25"]
[SourceVersion "1"]
[SourceVersionDate "2002.11.25"]
[SourceQuality "1"]
[WhiteTeam "Vlasim"]
[BlackTeam "Line"]
[WhiteTeamCountry "CZE"]
[BlackTeamCountry "CZE"]

1. d4 Nf6 2. c4 g6 3. Nc3 Bg7 4. e4 0-0 5. Be2 d6 6. Nf3 e5 7. 0-0 Nc6 8. d5 Ne7 9. Nd2 a5 10. a3 Nd7 11. Rb1 f5 12. b4 axb4 13. axb4 Kh8 14. f3 f4 15. Nb5 h5 16. c5 dxc5 17. bxc5 Nxc5 18. Ba3 b6 19. Nb3 Nb7 20. Bxe7 Qxe7 21. Rc1 Nc5 22. Nxc5 bxc5 23. Qc2 Ba6 24. Qxc5 Qxc5+ 25. Rxc5 Rfb8 26. Ra1 Bxb5 1/2-1/2

[Event "Klatovy op-A"]
[Site "Klatovy"]
[Date "2000.??.??"]
[Round "?"]
[White "Boleslav, Petr"]
[Black "Rozmbersky, David"]
[Result "1-0"]
[WhiteElo "1910"]
[BlackElo "2160"]
[PlyCount "83"]
[EventDate "2000.??.??"]
[EventType "swiss"]
[EventRounds "9"]
[EventCountry "CZE"]
[SourceTitle "EXT 2003"]
[Source "ChessBase"]
[SourceDate "2002.11.25"]
[SourceVersion "1"]
[SourceVersionDate "2002.11.25"]
[SourceQuality "1"]

1. e4 e6 2. d4 d5 3. exd5 exd5 4. c4 Nf6 5. Nc3 Be7 6. Nf3 0-0 7. Bd3 dxc4 8. Bxc4 Nbd7 9. 0-0 Nb6 10. Bd3 Bg4 11. Be3 Nbd5 12. Bb1 c6 13. h3 Bh5 14. g4 Bg6 15. Ne5 Bxb1 16. Rxb1 Rc8 17. Qf3 Nb6 18. Rbd1 Nfd5 19. Ne4 Qc7 20. Nd3 Rcd8 21. g5 f5 22. Nec5 Qc8 23. Nf4 Nxf4 24. Bxf4 Nd5 25. Rfe1 Bxc5 26. dxc5 Rfe8 27. Be5 Qd7 28. h4 Qf7 29. Bd6 Re6 30. Re5 Rdxd6 31. Rxf5 Qe7 32. cxd6 Rxd6 33. Kg2 g6 34. Re1 Re6 35. Rxe6 Qxe6 36. Rf8+ Kg7 37. Ra8 Qd6 38. Rxa7 Qb4 39. Ra8 Nf4+ 40. Kh2 Qd6 41. Qc3+ Kf7 42. Qf6+ 1-0

[Event "Klatovy op-A"]
[Site "Klatovy"]
[Date "2000.??.??"]
[Round "?"]
[White "Janda, Jiri"]
[Black "Rozmbersky, David"]
[Result "1/2-1/2"]
[WhiteElo "2070"]
[BlackElo "2160"]
[PlyCount "31"]
[EventDate "2000.??.??"]
[EventType "swiss"]
[EventRounds "9"]
[EventCountry "CZE"]
[SourceTitle "EXT 2003"]
[Source "ChessBase"]
[SourceDate "2002.11.25"]
[SourceVersion "1"]
[SourceVersionDate "2002.11.25"]
[SourceQuality "1"]

1. e4 e6 2. d4 d5 3. Nd2 Nc6 4. Ngf3 Nf6 5. e5 Nd7 6. Nb3 f6 7. Bb5 Be7 8. 0-0 0-0 9. Re1 fxe5 10. dxe5 Nc5 11. Nxc5 Bxc5 12. Be3 Be7 13. c4 Rxf3 14. Qxf3 Nxe5 15. Qh5 Nf7 16. cxd5 1/2-1/2

[Event "CZE-chTJ 9900"]
[Site "Czech Republic"]
[Date "2000.??.??"]
[Round "?"]
[White "Jandovsky, Jaroslav"]
[Black "Rozmbersky, David"]
[Result "1/2-1/2"]
[WhiteElo "2155"]
[BlackElo "2125"]
[PlyCount "132"]
[EventDate "1999.??.??"]
[EventType "team"]
[EventRounds "11"]
[EventCountry "CZE"]
[SourceTitle "EXT 2002"]
[Source "ChessBase"]
[SourceDate "2001.11.25"]
[SourceVersion "1"]
[SourceVersionDate "2001.11.25"]
[SourceQuality "1"]

1. e4 e6 2. d4 d5 3. Nd2 Nc6 4. Bb5 dxe4 5. Bxc6+ bxc6 6. Nxe4 Qd5 7. Qf3 Nf6 8. Nxf6+ gxf6 9. Bf4 Rb8 10. Qxd5 cxd5 11. b3 Bb4+ 12. Bd2 Bd6 13. f4 c5 14. Nf3 cxd4 15. Nxd4 e5 16. fxe5 fxe5 17. Nc6 Rb7 18. c4 Be6 19. Rc1 Rc7 20. c5 Rxc6 21. cxd6 Rxc1+ 22. Bxc1 Kd7 23. Ba3 Rc8 24. Kd2 Rc6 25. Bb4 d4 26. Rc1 f6 27. Rf1 f5 28. Re1 e4 29. g4 a5 30. Ba3 Rc3 31. gxf5 Bxf5 32. Rf1 e3+ 33. Ke1 Bg6 34. Bb2 Rc2 35. Bxd4 e2 36. Rg1 Kxd6 37. a3 Kd5 38. Bb6 Ke4 39. Rg4+ Kf3 40. Rg3+ Ke4 41. Rg4+ Kf5 42. Rc4 Rb2 43. Bxa5 Bh5 44. Rc5+ Kg6 45. Bd2 h6 46. b4 Rb3 47. Rc3 Rb1+ 48. Bc1 Kf5 49. Rc5+ Kg6 50. Kd2 Rb3 51. Re5 Rh3 52. Bb2 Rxh2 53. Bc3 Rh1 54. Kc2 Kf7 55. b5 Bg6+ 56. Kb2 Rh5 57. Rxh5 Bxh5 58. a4 Ke6 59. Kb3 Kd6 60. Kb4 Kc7 61. Be5+ Kb7 62. Bg3 Be8 63. Bf2 Bd7 64. Kc5 Be8 65. Kd6 e1Q 66. Bxe1 Bxb5 1/2-1/2

[Event "CZE-chT2 9900"]
[Site "Czech Republic"]
[Date "2000.??.??"]
[Round "?"]
[White "Rozmbersky, David"]
[Black "Mach, Petr"]
[Result "1-0"]
[WhiteElo "2125"]
[BlackElo "2182"]
[PlyCount "47"]
[EventDate "1999.??.??"]
[EventType "team"]
[EventRounds "11"]
[EventCountry "CZE"]
[SourceTitle "EXT 2001"]
[Source "ChessBase"]
[SourceDate "2000.11.22"]
[SourceVersion "1"]
[SourceVersionDate "2000.11.22"]
[SourceQuality "1"]

1. d4 Nf6 2. c4 c5 3. d5 b5 4. f3 d6 5. e4 g6 6. cxb5 a6 7. Nc3 Bg7 8. Be3 Nfd7 9. Qd2 0-0 10. Bh6 Bh8 11. Bxf8 Kxf8 12. f4 Qa5 13. Nf3 axb5 14. Bxb5 Ba6 15. Bxa6 Nxa6 16. 0-0 Rb8 17. Rae1 Qb4 18. Re2 Nb6 19. f5 Nc4 20. Qh6+ Bg7 21. Qxh7 Nxb2 22. fxg6 Qxc3 23. gxf7 e6 24. e5 1-0

[Event "Klatovy op-A"]
[Site "Klatovy"]
[Date "2000.??.??"]
[Round "?"]
[White "Rozmbersky, David"]
[Black "Orsag, Milan"]
[Result "0-1"]
[WhiteElo "2160"]
[BlackElo "2355"]
[PlyCount "62"]
[EventDate "2000.??.??"]
[EventType "swiss"]
[EventRounds "9"]
[EventCountry "CZE"]
[SourceTitle "EXT 2003"]
[Source "ChessBase"]
[SourceDate "2002.11.25"]
[SourceVersion "1"]
[SourceVersionDate "2002.11.25"]
[SourceQuality "1"]

1. d4 Nf6 2. c4 d6 3. Nf3 Bf5 4. Nc3 Nbd7 5. Nh4 Bg6 6. Nxg6 hxg6 7. g3 e5 8. Bg2 c6 9. 0-0 Be7 10. b3 Qa5 11. Bb2 0-0 12. Qd2 Rfe8 13. Rad1 Bf8 14. e4 a6 15. dxe5 dxe5 16. a3 Qc7 17. Qc2 a5 18. Na4 b6 19. Bh3 Rad8 20. Rd2 Nc5 21. Rxd8 Rxd8 22. Nxc5 Bxc5 23. Re1 Qd6 24. a4 Qd2 25. Re2 Qxc2 26. Rxc2 Nxe4 27. Bxe5 Nxf2 28. Kg2 Nxh3 29. Kxh3 f6 30. Bc7 Rd3 31. Rb2 g5 0-1

[Event "Klatovy op-A"]
[Site "Klatovy"]
[Date "2000.??.??"]
[Round "?"]
[White "Rozmbersky, David"]
[Black "Vorsilka, Jiri"]
[Result "1-0"]
[WhiteElo "2160"]
[BlackElo "2005"]
[PlyCount "69"]
[EventDate "2000.??.??"]
[EventType "swiss"]
[EventRounds "9"]
[EventCountry "CZE"]
[SourceTitle "EXT 2003"]
[Source "ChessBase"]
[SourceDate "2002.11.25"]
[SourceVersion "1"]
[SourceVersionDate "2002.11.25"]
[SourceQuality "1"]

1. d4 Nf6 2. c4 e6 3. Nc3 d5 4. cxd5 exd5 5. Bg5 Be7 6. Qc2 Nc6 7. e3 0-0 8. a3 Be6 9. Bd3 h6 10. Bh4 Qd7 11. Nf3 Rfe8 12. 0-0 Nh5 13. Bxe7 Rxe7 14. Bb5 Qd6 15. Rfc1 Bd7 16. Na4 a6 17. Bd3 Bg4 18. Nd2 Rae8 19. b4 Qf6 20. Rab1 Qg5 21. Nf1 Bf3 22. Ng3 Nxg3 23. hxg3 Bg4 24. b5 axb5 25. Bxb5 Bf5 26. Bd3 Bxd3 27. Qxd3 Na5 28. Rb5 b6 29. Qe2 Nc4 30. Rxc4 c5 31. Rc2 cxd4 32. Nxb6 dxe3 33. f3 Qf6 34. Nxd5 Qa1+ 35. Qf1 1-0

[Event "CZE-chTJ 0001"]
[Site "Czech Republic"]
[Date "2000.??.??"]
[Round "2"]
[White "Trmal, Jaroslav"]
[Black "Rozmbersky, David"]
[Result "1-0"]
[WhiteElo "2315"]
[BlackElo "2200"]
[PlyCount "57"]
[EventDate "2000.??.??"]
[EventType "team"]
[EventRounds "11"]
[EventCountry "CZE"]
[SourceTitle "EXT 2003"]
[Source "ChessBase"]
[SourceDate "2002.11.25"]
[SourceVersion "1"]
[SourceVersionDate "2002.11.25"]
[SourceQuality "1"]

1. d4 Nf6 2. c4 g6 3. Nc3 Bg7 4. e4 0-0 5. Nf3 d6 6. Be2 e5 7. dxe5 dxe5 8. Qxd8 Rxd8 9. Bg5 c6 10. Nxe5 Re8 11. f4 h6 12. Bh4 g5 13. Bg3 gxf4 14. Bxf4 Nxe4 15. Nxe4 Bxe5 16. Bxe5 Rxe5 17. Ng3 Bg4 18. 0-0-0 Bd7 19. Rd6 Re6 20. Rhd1 Kf8 21. Bf3 a5 22. Rxd7 Nxd7 23. Rxd7 Re7 24. Rd6 Re1+ 25. Kc2 Ra1 26. Rxh6 Kg8 27. a3 Rd8 28. Rh5 a4 29. Ra5 1-0

[Event "CZE-ch U18/20"]
[Site "Lazne Bohdanec"]
[Date "1998.??.??"]
[Round "?"]
[White "Bazant, Petr Jr"]
[Black "Rozmbersky, David"]
[Result "0-1"]
[WhiteElo "2145"]
[BlackElo "2125"]
[PlyCount "58"]
[EventDate "1998.??.??"]
[EventType "tourn"]
[EventRounds "11"]
[EventCountry "CZE"]
[SourceTitle "EXT 2003"]
[Source "ChessBase"]
[SourceDate "2002.11.25"]
[SourceVersion "1"]
[SourceVersionDate "2002.11.25"]
[SourceQuality "1"]

1. e4 e6 2. d4 d5 3. Nd2 c5 4. exd5 Qxd5 5. Ngf3 cxd4 6. Bc4 Qd6 7. 0-0 Nf6 8. Nb3 Nc6 9. Nbxd4 Nxd4 10. Nxd4 a6 11. Bb3 Bd7 12. c3 Qc7 13. Bg5 Bd6 14. h3 0-0-0 15. c4 h6 16. Be3 g5 17. c5 Bh2+ 18. Kh1 e5 19. c6 Bxc6 20. Nxc6 Rxd1 21. Rfxd1 Bf4 22. Bxf4 gxf4 23. Nb4 Kb8 24. Rac1 Qe7 25. a3 f3 26. gxf3 Nh5 27. Rg1 Qh4 28. Rg2 Qxh3+ 29. Kg1 Nf4 0-1

[Event "CZE-ch U18/20"]
[Site "Lazne Bohdanec"]
[Date "1998.??.??"]
[Round "?"]
[White "Kulhanek, Tomas"]
[Black "Rozmbersky, David"]
[Result "1-0"]
[WhiteElo "2195"]
[BlackElo "2125"]
[PlyCount "39"]
[EventDate "1998.??.??"]
[EventType "tourn"]
[EventRounds "11"]
[EventCountry "CZE"]
[SourceTitle "EXT 2003"]
[Source "ChessBase"]
[SourceDate "2002.11.25"]
[SourceVersion "1"]
[SourceVersionDate "2002.11.25"]
[SourceQuality "1"]

1. e4 e6 2. d4 d5 3. e5 c5 4. c3 Nc6 5. Nf3 Qb6 6. Be2 Nge7 7. Na3 cxd4 8. cxd4 Nf5 9. Nc2 h5 10. 0-0 Bd7 11. b3 Rc8 12. Bb2 Nb4 13. Nxb4 Bxb4 14. Qd3 a6 15. a4 Qa5 16. Rac1 Ke7 17. Ng5 Bd2 18. Ba3+ Bb4 19. Rxc8 Rxc8 20. Qd2 1-0

[Event "CZE-ch U18/20"]
[Site "Lazne Bohdanec"]
[Date "1998.??.??"]
[Round "?"]
[White "Rozmbersky, David"]
[Black "Blazkova, Petra"]
[Result "1/2-1/2"]
[WhiteElo "2125"]
[BlackElo "2255"]
[PlyCount "63"]
[EventDate "1998.??.??"]
[EventType "tourn"]
[EventRounds "11"]
[EventCountry "CZE"]
[SourceTitle "EXT 2003"]
[Source "ChessBase"]
[SourceDate "2002.11.25"]
[SourceVersion "1"]
[SourceVersionDate "2002.11.25"]
[SourceQuality "1"]

1. d4 Nf6 2. c4 g6 3. Nc3 d5 4. Bg5 Ne4 5. Nxe4 dxe4 6. Qd2 h6 7. Be3 Bg7 8. f3 c5 9. d5 Qb6 10. fxe4 Nd7 11. Nf3 Bxb2 12. Rd1 Qf6 13. Qc2 g5 14. Bd2 g4 15. Rb1 Ba1 16. Qc1 gxf3 17. Rxa1 f2+ 18. Kd1 Qd4 19. Qc3 Nf6 20. Qxd4 cxd4 21. e5 Ng4 22. Bf4 Ne3+ 23. Kd2 Nxc4+ 24. Kd3 b5 25. Kxd4 Bb7 26. e4 e6 27. Be2 exd5 28. exd5 Rd8 29. Bf3 Bxd5 30. Bxd5 Nb6 31. Ke4 Rxd5 32. Rhf1 1/2-1/2

[Event "Klatovy op-A"]
[Site "Klatovy"]
[Date "1998.??.??"]
[Round "?"]
[White "Rozmbersky, David"]
[Black "Hitzgerova, Gabriela"]
[Result "1/2-1/2"]
[WhiteElo "2090"]
[BlackElo "2185"]
[PlyCount "90"]
[EventDate "1998.??.??"]
[EventType "swiss"]
[EventRounds "9"]
[EventCountry "CZE"]
[SourceTitle "EXT 2000"]
[Source "ChessBase"]
[SourceDate "1999.11.16"]
[SourceVersion "1"]
[SourceVersionDate "1999.11.16"]
[SourceQuality "1"]

1. d4 Nf6 2. c4 g6 3. Nc3 Bg7 4. e4 d6 5. Nf3 0-0 6. Be2 e5 7. 0-0 Nc6 8. d5 Ne7 9. Ne1 Nd7 10. Be3 f5 11. f3 f4 12. Bf2 g5 13. Rc1 Nf6 14. c5 Rf7 15. cxd6 cxd6 16. Nb5 Ng6 17. Qc2 Ne8 18. Nxa7 Bd7 19. Qb3 h5 20. Qb6 Qb8 21. Rc3 Bf6 22. Ra3 Bd8 23. Qb4 g4 24. Nb5 Rxa3 25. Qxa3 g3 26. Ba7 gxh2+ 27. Kh1 Qa8 28. Bc5 Qxa3 29. Bxa3 Rf6 30. Bb4 Bb6 31. Kxh2 Nh4 32. a4 Rg6 33. a5 Be3 34. Na3 Rg3 35. Bb5 Bc8 36. Nc4 Bd4 37. Bc3 Bc5 38. b4 Ba7 39. Bxe8 Nxg2 40. Nb6 Bxb6 41. axb6 Ne3 42. Rf2 Rh3+ 43. Kg1 Rg3+ 44. Kh1 Nd1 45. Ra2 Rh3+ 1/2-1/2

[Event "CZE-ch U18/20"]
[Site "Lazne Bohdanec"]
[Date "1998.??.??"]
[Round "?"]
[White "Rozmbersky, David"]
[Black "Krejci, Jakub"]
[Result "0-1"]
[WhiteElo "2125"]
[BlackElo "2105"]
[PlyCount "68"]
[EventDate "1998.??.??"]
[EventType "tourn"]
[EventRounds "11"]
[EventCountry "CZE"]
[SourceTitle "EXT 2003"]
[Source "ChessBase"]
[SourceDate "2002.11.25"]
[SourceVersion "1"]
[SourceVersionDate "2002.11.25"]
[SourceQuality "1"]

1. d4 Nf6 2. c4 e6 3. Nc3 Bb4 4. Qc2 d5 5. cxd5 exd5 6. Bg5 c5 7. dxc5 d4 8. 0-0-0 Bxc3 9. bxc3 Qa5 10. Bxf6 gxf6 11. cxd4 Nc6 12. e4 Nb4 13. Qb3 Be6 14. Bc4 Bxc4 15. Qxc4 Rc8 16. Kb2 b6 17. a3 Nc6 18. Qc3 Qb5+ 19. Qb3 Qa6 20. Qd3 Qa5 21. Qc3 Qb5+ 22. Ka2 bxc5 23. dxc5 Ne5 24. Rb1 Qa6 25. Nh3 Nd3 26. Qb3 0-0 27. Qb5 Qe6+ 28. Qb3 Qxe4 29. Rhd1 Rfd8 30. Ng1 Rxc5 31. Nf3 Rc2+ 32. Ka1 Qe2 33. Nd4 Rxd4 34. Qb8+ Kg7 0-1

[Event "Klatovy op-A"]
[Site "Klatovy"]
[Date "1998.??.??"]
[Round "?"]
[White "Rozmbersky, David"]
[Black "Schauer, Jiri"]
[Result "1-0"]
[WhiteElo "2090"]
[BlackElo "2150"]
[PlyCount "47"]
[EventDate "1998.??.??"]
[EventType "swiss"]
[EventRounds "9"]
[EventCountry "CZE"]
[SourceTitle "EXT 2000"]
[Source "ChessBase"]
[SourceDate "1999.11.16"]
[SourceVersion "1"]
[SourceVersionDate "1999.11.16"]
[SourceQuality "1"]

1. d4 Nf6 2. c4 g6 3. Nc3 Bg7 4. e4 d6 5. Nf3 0-0 6. Be2 Nbd7 7. 0-0 e5 8. Re1 c6 9. Bf1 Re8 10. d5 cxd5 11. cxd5 a5 12. Na4 Rf8 13. Qb3 Ne8 14. Be3 f5 15. Ng5 Qe7 16. Ne6 Rf7 17. Bb6 Qh4 18. Rac1 Nef6 19. Nc7 Nxb6 20. Qxb6 Rb8 21. g3 Qg5 22. Qa7 Nd7 23. Ne6 Qe7 24. Bb5 1-0